Culture générale - Quiz #14 - Statistiques

Statistiques générales
  • Ce quiz a été pris 74 657 fois
  • Le résultat moyen est 11 sur 20
Statistiques - réponses
Question Réponse % Correct
Quel héros de bande dessinée "tire plus vite que son ombre" ? Lucky Luke
89%
Comment s'appelle le chien de Mickey Mouse ? Pluto
80%
Quel ancien recueil indien est souvent vu comme un guide de la pratique sexuelle ? Le Kamasutra
76%
Quel dieu grec était considéré comme l'équivalent du dieu romain Jupiter ? Zeus
74%
Quel mot arabe désigne "ce qui est interdit" dans l'Islam , en opposition à halal (ce qui est permis) ? Haram
73%
À quel sport sont associés les termes "bunker", "fairway" ou "birdie" ? Le Golf
72%
Quel arrondissement de New York comporte un "x" dans son nom ? Le Bronx
68%
Selon le folklore irlandais, au pied de quoi retrouve-t-on un chaudron d'or ? Un arc-en-ciel
67%
Le mandarin est la langue comptant le plus de locuteurs natifs. Quelle est la seconde ? L'espagnol
63%
De quel pays fait partie la Tasmanie ? L'Australie
62%
Selon la Bible, quelle est la ville de naissance de Jésus ? Bethléem
56%
Quel instrument de l'orchestre est plus grand qu'un alto mais plus petit qu'une contrebasse ? Un violoncelle
55%
"La Ligne verte" et "Shining" sont des films adaptés de romans d'un même auteur. De qui s'agit-il ? Stephen King
51%
Quel surnom est donné à la Volkswagen type 1, apparue en 1938 ? Coccinelle
46%
De quel pays étaient originaire 15 des terroristes du 11 septembre 2001 ? D'Arabie Saoudite
44%
Quel pays a été dirigé par Benazir Bhutto et Pervez Musharraf ? Le Pakistan
32%
Quelle est la plus grande ville d'Arizona ? Phoenix
30%
Quel pays compte les provinces de Gauteng et KwaZulu-Natal ? L'Afrique du Sud
24%
Quel nom porte le petit du chameau ? Le chamelon
16%
Qu'étudie un vexillologue ? Les drapeaux
9%
Aucun quiz correspondant
Distribution des résultats
% des personnes avec chaque résultat
Percentile par nombre de réponses
Votre historique - résultats
Vous n’avez pas pris ce quiz